Basic agricultural statistics. (Record no. 550504)

MARC details
000 -LEADER
fixed length control field 00762nam a2200241Ia 4500
003 - CONTROL NUMBER IDENTIFIER
control field OSt
005 - DATE AND TIME OF LATEST TRANSACTION
control field 20220925204821.0
008 - FIXED-LENGTH DATA ELEMENTS--GENERAL INFORMATION
fixed length control field 220923b |||||||| |||| 00| 0 eng d
037 ## - SOURCE OF ACQUISITION
Terms of availability General Book
040 ## - CATALOGING SOURCE
Original cataloging agency RTL
Transcribing agency RTL
Language of cataloging eng
041 ## - LANGUAGE CODE
Source of code eng
Language code of text/sound track or separate title eng
110 ## - MAIN ENTRY--CORPORATE NAME
Corporate name or jurisdiction name as entry element Govt of Madhya Pradesh. Land records and settlement (commissioner)
9 (RLIN) 269031
245 #0 - TITLE STATEMENT
Title Basic agricultural statistics.
260 ## - PUBLICATION, DISTRIBUTION, ETC.
Place of publication, distribution, etc. Gwalior
Name of publisher, distributor, etc. Govt Press India
Date of publication, distribution, etc. 1987
300 ## - PHYSICAL DESCRIPTION
Extent 163p.
Dimensions cm.
650 ## - SUBJECT ADDED ENTRY--TOPICAL TERM
Topical term or geographic name entry element Uttar Pradesh
700 ## - ADDED ENTRY--PERSONAL NAME
Personal name Govt of Madhya Pradesh. Land records and settlement (commissioner)
9 (RLIN) 269032
942 ## - ADDED ENTRY ELEMENTS (KOHA)
Classification part X 9 (J).255s, M7/GD
Koha item type General Books
Source of classification or shelving scheme Colon Classification (CC)
Holdings
Withdrawn status Lost status Damaged status Not for loan Home library Current library Date acquired Total Checkouts Full call number Barcode Date last seen Price effective from Koha item type
        Ratan Tata Library Ratan Tata Library 2022-09-25   X 9 (J).255s M7/GD RT1014469 2022-09-25 2022-09-25 General Books
Copyright @ Delhi University Library System